Conceptos básicos de la ciencia de la educación

Saved in:
Bibliographic Details
Main Author: Brezinka, Wolfgang (Author)
Format: Book
Language:Spanish
Published: Barcelona Herder 1990
Series:Biblioteca Herder. Sección Pedagogía, 188
Subjects:
Tags: Add Tag
No Tags, Be the first to tag this record!

MARC

LEADER 00000nam a2200000 a 4500
001 UCT0801
003 CL-VaPUC
008 960906e19900000SP |||||||||||||||||spa|d
082 0 4 |a 370.1  |b BRE  |2 21 
100 0 |a Brezinka, Wolfgang  |e author  |9 369296 
245 1 0 |a Conceptos básicos de la ciencia de la educación 
300 |a 308 p 
942 |c BK 
945 |d 19960906 00:00:00  |a nastorga 
260 |a Barcelona  |b Herder  |c 1990 
650 0 |a Educación  |9 258661 
650 0 |a Pedagogía  |9 255351 
650 0 |a Lingüística  |9 265068 
650 0 |a Sociedad  |9 307903 
650 7 |a DIFUSION DE CONOCIMIENTOS  |2 CL-VaPUC  |9 334500 
650 0 |a Enseñanza  |9 256457 
650 0 |a Gestión educacional   |9 261035 
583 |a last modification  |c 19960906 00:00:00  |k Rodrigo Vera 
490 0 |a Biblioteca Herder. Sección Pedagogía, 188 
999 |c 251504  |d 251502 
952 |0 0  |1 0  |4 0  |6 370_100000000000000_BRE_1990  |7 0  |8 A  |9 270710  |a BIBEDU  |b BIBEDU  |d 2019-11-19  |i 3228142  |o 370.1 BRE 1990  |p 3228142  |r 2019-11-19  |w 2019-11-19  |y BK  |k EPE